| 000 | 00463nam a22001577a 4500 | ||
|---|---|---|---|
| 003 | NUST | ||
| 005 | 20220802171433.0 | ||
| 008 | 220802b ||||| |||| 00| 0 eng d | ||
| 038 | _aAzhar | ||
| 082 |
_a378.1662 _bGRE |
||
| 100 |
_aAgroPrep _996334 |
||
| 245 |
_a2019-20 GRE ArgoPrep _b14 days online comprehensive prep included practice tests, quizzes, strategies, online mobile _cAgroPrep |
||
| 260 |
_aUSA _bAgroPrep _c2019 |
||
| 300 | _a335p | ||
| 942 |
_2ddc _cLC |
||
| 999 |
_c590760 _d590760 |
||